| 000 | 00546nam a2200205Ia 4500 | ||
|---|---|---|---|
| 008 | 220216s9999 xx 000 0 und d | ||
| 100 | _aFirveda M C | ||
| 245 | 0 | _aUsing imagery analysis software for evaluation of spraying coverage | |
| 260 |
_bBragantia _c2002 |
||
| 300 | _a305-310 | ||
| 650 | _aDistribution | ||
| 650 | _aFluorescent tracer | ||
| 650 | _aImagary analysis | ||
| 650 | _aSpraying | ||
| 700 | _aCantalogo-Junior A | ||
| 700 | _aCorrea I M | ||
| 700 | _aLino A C L | ||
| 700 | _aRamos Hamilton HUmberto | ||
| 942 | _cJS | ||
| 999 |
_c71995 _d71995 |
||